00686 2200229 4500001002100000005001700021008004100038020001800079035002500097082001100122090002200133100001700155245010700172250001100279260003100290300003400321650002100355700002400376700002300400850001200423999002100435YOGYA-0209000005505220150728133633.0 ind  a979-21-0233-7 a0010-020900000055052 a028.55 aDEP 028.55bAmo M aAMOS, Janine aMove over !b: minggir !c/ Janine Amos dan Annabel Spenceley ; teks Indonesia oleh C. Erni Setiyowati aCet. 1 aYogyakartabKanisiusc2002 a32 hlm. :bilus. ;c20x21 cm. aBacaan Anak-anak aSetiyowati, C. Erni aSpenceley, Annabel aYOPDYOG aCB-D.11-2002-391